书目信息 |
| 题名: |
古汉语与文学基础
|
|
| 作者: | 易滢 主编 | |
| 分册: | 上册 | |
| 出版信息: | 镇江 江苏大学出版社 2018 |
|
| 页数: | 430页 | |
| 开本: | 26cm | |
| 丛书名: | ||
| 单 册: | ||
| 中图分类: | H109.2 , I212.01 | |
| 科图分类: | ||
| 主题词: | 古汉语--Gu Han Yu--高等学校--教材 , 中国文学--Zhong Guo Wen Xue--古典文学--作品集 | |
| 电子资源: | ||
| ISBN: | 978-7-5684-0890-5 | |
| 000 | 01164nam0 2200289 45 | |
| 001 | 012001009790 | |
| 005 | 20191107140650.06 | |
| 010 | @a978-7-5684-0890-5@b上册@dCNY65.00 | |
| 099 | @aCAL 012018199605 | |
| 100 | @a20181228d2018 em y0chiy50 ea | |
| 101 | 0 | @achi |
| 102 | @aCN@b320000 | |
| 105 | @aa z 000yy | |
| 106 | @ar | |
| 200 | 1 | @a古汉语与文学基础@AGu Han Yu Yu Wen Xue Ji Chu@h上册@f主编易滢 |
| 210 | @a镇江@c江苏大学出版社@d2018 | |
| 215 | @a430页@c图@d26cm | |
| 300 | @a普通高等院校“十三五”规划教材 “互联网+”汉语言文学专业立体化教材 含微课 | |
| 303 | @a据上册著录 | |
| 330 | @a本书讲述了从隋唐至清朝的古汉语文学知识。全书以时间为经,以各个时期主要文学体裁为纬,对原有的《古代汉语》与《古代文学》两门课程的重点内容进行了整合统一。每个单元在“文学作品”“古汉语通论”的基础上新增了“文学概说”和“文史拓展”两大知识模块,四大知识模块全面、系统地优化课程内容。 | |
| 606 | 0 | @a古汉语@AGu Han Yu@x高等学校@j教材 |
| 606 | 0 | @a中国文学@AZhong Guo Wen Xue@x古典文学@j作品集 |
| 690 | @aH109.2@v5 | |
| 690 | @aI212.01@v5 | |
| 701 | 0 | @a易滢@AYi Ying@4主编 |
| 801 | 0 | @aCN@b上海新华@c20191020 |
| 905 | @b1189498-502@dH109.2@e81:1@f5 | |
| 古汉语与文学基础.上册/主编易滢.-镇江:江苏大学出版社,2018 |
| 430页:图;26cm |
| 普通高等院校“十三五”规划教材 “互联网+”汉语言文学专业立体化教材 含微课 |
| ISBN 978-7-5684-0890-5(上册):CNY65.00 |
| 本书讲述了从隋唐至清朝的古汉语文学知识。全书以时间为经,以各个时期主要文学体裁为纬,对原有的《古代汉语》与《古代文学》两门课程的重点内容进行了整合统一。每个单元在“文学作品”“古汉语通论”的基础上新增了“文学概说”和“文史拓展”两大知识模块,四大知识模块全面、系统地优化课程内容。 |
| ● |
| 相关链接 |
|
|
|
|
正题名:古汉语与文学基础
索取号:H109.2/81:1
 
预约/预借
| 序号 | 登录号 | 条形码 | 馆藏地/架位号 | 状态 | 备注 |
| 1 | 1189498 | 211894985 | 第二样本阅览室/ [索取号:H109.2/81:1] | 在馆 | |
| 2 | 1189499 | 211894994 | 第四借阅区/ [索取号:H109.2/81:1] | 在馆 | |
| 3 | 1189500 | 211895001 | 第四借阅区/ [索取号:H109.2/81:1] | 在馆 | |
| 4 | 1189501 | 211895010 | 第四借阅区/ [索取号:H109.2/81:1] | 在馆 | |
| 5 | 1189502 | 211895029 | 第四借阅区/ [索取号:H109.2/81:1] | 在馆 |